| 000 | 00403nam a2200157Ia 4500 | ||
|---|---|---|---|
| 100 | _aMohanty/R.P/ Deshmukh/S.G | ||
| 650 | _aSupply Chain | ||
| 942 | _cBK | ||
| 366 | _f25 | ||
| 654 | _aindian case studies | ||
| 245 | _aIndian case studies in supply chain management and other learning resources | ||
| 260 |
_bWiley _c2005 |
||
| 082 |
_a658.7 _bMOH |
||
| 300 | _a122 | ||
| 546 |
_aENGLISH _cInfo.Tech |
||
| 999 |
_c24069 _d24069 |
||